[Event "Turniej Blitza na II Lidze Juniorów 2018"]
[Site "Szczyrk, Poland"]
[Date "2018.07.26"]
[Round "5.32"]
[White "Pawlak, Emilia"]
[Black "Krzysztynska, Anna"]
[Result "0-1"]
[TimeControl "3'+2\""]
[WhiteElo "1319"]
[BlackElo "1610"]

1. e4 {[%clk 00:03:02]} {[%emt 00:00:02]} e5 {[%clk 00:03:03]} {[%emt
00:00:01]} 2. Nf3 {[%clk 00:03:03]} {[%emt 00:00:01]} d5 {[%clk 00:03:05]} 3.
exd5 {[%clk 00:02:57]} {[%emt 00:00:09]} e4 {[%clk 00:03:05]} 4. Ne5 {[%clk
00:02:52]} {[%emt 00:00:06]} Qxd5 {[%clk 00:02:59]} {[%emt 00:00:09]} 5. Nc4
{[%clk 00:02:43]} {[%emt 00:00:10]} Nf6 {[%clk 00:02:23]} {[%emt 00:00:38]} 6.
Nc3 {[%clk 00:02:41]} {[%emt 00:00:05]} Qe6 {[%clk 00:01:35]} {[%emt 00:00:50]}
7. Be2 {[%clk 00:02:04]} {[%emt 00:00:39]} Bc5 {[%clk 00:01:24]} {[%emt
00:00:12]} 8. O-O {[%clk 00:01:59]} {[%emt 00:00:08]} Bd7 {[%clk 00:01:13]}
{[%emt 00:00:13]} 9. a3 {[%clk 00:01:50]} {[%emt 00:00:11]} a5 {[%clk
00:00:59]} {[%emt 00:00:16]} 10. Re1 {[%clk 00:01:39]} {[%emt 00:00:13]} O-O
{[%clk 00:00:48]} {[%emt 00:00:14]} 11. d3 {[%clk 00:01:34]} {[%emt 00:00:06]}
Nc6 {[%clk 00:00:31]} {[%emt 00:00:19]} 12. dxe4 {[%clk 00:01:24]} {[%emt
00:00:12]} Ng4 {[%clk 00:00:16]} {[%emt 00:00:17]} 13. Bxg4 {[%clk 00:01:11]}
{[%emt 00:00:15]} Qxg4 {[%clk 00:00:17]} {[%emt 00:00:01]} 14. Qxg4 {[%clk
00:01:12]} {[%emt 00:00:01]} Bxg4 {[%clk 00:00:18]} 15. h3 {[%clk 00:01:08]}
{[%emt 00:00:07]} Be6 {[%clk 00:00:18]} {[%emt 00:00:01]} 16. Ne3 {[%clk
00:00:58]} {[%emt 00:00:11]} Rad8 {[%clk 00:00:18]} {[%emt 00:00:03]} 17. Nb5
{[%clk 00:00:41]} {[%emt 00:00:18]} Bb6 {[%clk 00:00:15]} {[%emt 00:00:06]} 18.
Kh1 {[%clk 00:00:27]} {[%emt 00:00:15]} h6 {[%clk 00:00:16]} {[%emt 00:00:02]}
19. f4 {[%clk 00:00:23]} {[%emt 00:00:08]} f6 {[%clk 00:00:07]} {[%emt
00:00:10]} 20. f5 {[%clk 00:00:23]} {[%emt 00:00:02]} Bf7 {[%clk 00:00:07]}
{[%emt 00:00:01]} 21. Nc3 {[%clk 00:00:21]} {[%emt 00:00:03]} Rfe8 {[%clk
00:00:08]} {[%emt 00:00:02]} 22. b3 {[%clk 00:00:08]} {[%emt 00:00:15]} Bd4
{[%clk 00:00:08]} {[%emt 00:00:01]} 23. Bb2 {[%clk 00:00:09]} {[%emt 00:00:02]}
Ne5 {[%clk 00:00:05]} {[%emt 00:00:05]} 24. Na4 {[%clk 00:00:07]} {[%emt
00:00:03]} Bxb2 {[%clk 00:00:04]} {[%emt 00:00:03]} 25. Nxb2 {[%clk 00:00:08]}
{[%emt 00:00:01]} b6 {[%clk 00:00:05]} {[%emt 00:00:03]} 26. Rad1 {[%clk
00:00:08]} {[%emt 00:00:02]} Nc6 {[%clk 00:00:05]} {[%emt 00:00:02]} 27. Nec4
{[%clk 00:00:06]} {[%emt 00:00:03]} Ne5 {[%clk 00:00:04]} {[%emt 00:00:04]} 28.
Nxe5 {[%clk 00:00:05]} {[%emt 00:00:01]} fxe5 {[%clk 00:00:06]} 29. Nc4 {[%clk
00:00:06]} Bxc4 {[%clk 00:00:05]} {[%emt 00:00:03]} 30. bxc4 {[%clk 00:00:07]}
{[%emt 00:00:01]} Kf7 {[%clk 00:00:05]} {[%emt 00:00:02]} 31. Kh2 {[%clk
00:00:07]} {[%emt 00:00:01]} Rd4 {[%clk 00:00:06]} {[%emt 00:00:02]} 32. Rxd4
{[%clk 00:00:07]} {[%emt 00:00:02]} exd4 {[%clk 00:00:07]} 33. Kg3 {[%clk
00:00:08]} {[%emt 00:00:01]} Kf6 {[%clk 00:00:08]} {[%emt 00:00:01]} 34. Kf4
{[%clk 00:00:08]} {[%emt 00:00:01]} Re5 {[%clk 00:00:09]} {[%emt 00:00:01]} 35.
g4 {[%clk 00:00:09]} {[%emt 00:00:02]} c5 {[%clk 00:00:09]} {[%emt 00:00:02]}
36. Kf3 {[%clk 00:00:08]} {[%emt 00:00:02]} g6 {[%clk 00:00:10]} {[%emt
00:00:01]} 37. Re2 {[%clk 00:00:05]} {[%emt 00:00:06]} g5 {[%clk 00:00:11]}
{[%emt 00:00:01]} 38. Kf2 {[%clk 00:00:05]} {[%emt 00:00:02]} Re8 {[%clk
00:00:12]} {[%emt 00:00:01]} 39. Ke1 {[%clk 00:00:05]} {[%emt 00:00:02]} Ke5
{[%clk 00:00:13]} {[%emt 00:00:01]} 40. Kd2 {[%clk 00:00:03]} {[%emt 00:00:03]}
Rf8 {[%clk 00:00:13]} {[%emt 00:00:03]} 41. Kd3 {[%emt 00:00:05]} Rf6 {[%emt
00:00:04]} 42. Rf2 0-1

[Event "Turniej Blitza na II Lidze Juniorów 2018"]
[Site "Szczyrk, Poland"]
[Date "2018.07.26"]
[Round "5.54"]
[White "Topola, Rafal"]
[Black "Piechota, Kamil"]
[Result "*"]
[TimeControl "3'+2\""]
[WhiteElo "1244"]
[BlackElo "1459"]

1. Nf3 {[%emt 00:01:25]} Nf6 {[%clk 00:03:01]} 2. g3 {[%clk 00:03:04]} {[%emt
00:00:01]} g6 {[%clk 00:03:02]} 3. Bg2 {[%clk 00:03:05]} {[%emt 00:00:01]} Bg7
{[%clk 00:03:04]} 4. d3 {[%clk 00:03:06]} {[%emt 00:00:02]} c6 {[%clk
00:03:04]} {[%emt 00:00:02]} 5. Nbd2 {[%clk 00:03:06]} {[%emt 00:00:01]} d5
{[%clk 00:03:06]} 6. O-O {[%clk 00:03:05]} {[%emt 00:00:03]} O-O {[%clk
00:03:05]} {[%emt 00:00:03]} 7. Re1 {[%clk 00:03:06]} Bf5 {[%clk 00:03:02]}
{[%emt 00:00:05]} 8. Nh4 {[%clk 00:02:56]} {[%emt 00:00:12]} Bd7 {[%clk
00:02:58]} {[%emt 00:00:05]} 9. e4 {[%clk 00:02:56]} {[%emt 00:00:03]} dxe4
{[%clk 00:02:51]} {[%emt 00:00:10]} 10. Nxe4 {[%clk 00:02:56]} {[%emt
00:00:02]} Nxe4 {[%clk 00:02:51]} {[%emt 00:00:01]} 11. Bxe4 {[%clk 00:02:56]}
{[%emt 00:00:02]} Be6 {[%clk 00:02:50]} {[%emt 00:00:04]} 12. c3 {[%clk
00:02:50]} {[%emt 00:00:07]} Bd5 {[%clk 00:02:48]} {[%emt 00:00:04]} 13. Bxd5
{[%clk 00:02:49]} {[%emt 00:00:03]} cxd5 {[%clk 00:02:50]} 14. d4 {[%clk
00:02:49]} {[%emt 00:00:02]} e6 {[%clk 00:02:49]} {[%emt 00:00:03]} 15. Nf3
{[%clk 00:02:48]} {[%emt 00:00:03]} Nd7 {[%clk 00:02:50]} {[%emt 00:00:02]} 16.
Bf4 {[%clk 00:02:42]} {[%emt 00:00:08]} Re8 {[%clk 00:02:48]} {[%emt 00:00:03]}
17. Ne5 {[%clk 00:02:31]} {[%emt 00:00:13]} Nxe5 18. Bxe5 {[%clk 00:02:32]}
Bxe5 {[%clk 00:02:43]} {[%emt 00:00:01]} 19. Rxe5 {[%clk 00:02:33]} {[%emt
00:00:01]} Qb6 {[%clk 00:02:44]} 20. Qc2 {[%clk 00:02:33]} {[%emt 00:00:02]} a5
{[%emt 00:00:06]} 21. Rae1 {[%clk 00:02:32]} a4 {[%clk 00:02:40]} {[%emt
00:00:03]} 22. a3 {[%clk 00:02:32]} {[%emt 00:00:03]} Qb5 {[%clk 00:02:36]}
{[%emt 00:00:06]} 23. f4 {[%clk 00:02:23]} {[%emt 00:00:11]} Ra6 {[%clk
00:02:37]} 24. g4 {[%clk 00:02:21]} {[%emt 00:00:04]} Rb6 {[%clk 00:02:38]}
{[%emt 00:00:02]} 25. R1e2 {[%clk 00:02:22]} Rc8 {[%clk 00:02:11]} {[%emt
00:00:29]} 26. f5 {[%clk 00:02:18]} {[%emt 00:00:06]} Rcc6 {[%clk 00:02:11]}
{[%emt 00:00:01]} 27. f6 {[%clk 00:02:15]} {[%emt 00:00:05]} Qa6 {[%clk
00:02:05]} {[%emt 00:00:08]} 28. Rxd5 {[%clk 00:02:03]} {[%emt 00:00:15]} Qa8
{[%clk 00:01:40]} {[%emt 00:00:26]} 29. Rde5 {[%clk 00:01:55]} {[%emt
00:00:11]} Qd8 {[%clk 00:01:38]} {[%emt 00:00:04]} 30. g5 {[%clk 00:01:51]}
{[%emt 00:00:06]} h6 {[%clk 00:01:36]} {[%emt 00:00:04]} 31. h4 {[%clk
00:01:51]} {[%emt 00:00:01]} h5 {[%clk 00:01:38]} 32. d5 {[%clk 00:01:45]}
{[%emt 00:00:08]} Rd6 {[%clk 00:01:35]} {[%emt 00:00:05]} 33. dxe6 {[%clk
00:01:45]} {[%emt 00:00:02]} Rxe6 {[%clk 00:01:36]} {[%emt 00:00:02]} 34. Rxe6
{[%clk 00:01:43]} {[%emt 00:00:03]} Rxe6 {[%clk 00:01:36]} {[%emt 00:00:01]} 35.
Rxe6 {[%clk 00:01:43]} {[%emt 00:00:03]} fxe6 {[%clk 00:01:37]} *

[Event "Turniej Blitza na II Lidze Juniorów 2018"]
[Site "Szczyrk, Poland"]
[Date "2018.07.26"]
[Round "5.23"]
[White "Ulrych, Wojciech"]
[Black "Urbanski, Wojciech"]
[Result "0-1"]
[TimeControl "3'+2\""]
[WhiteElo "1901"]
[BlackElo "1472"]

1. e4 {[%clk 00:03:03]} c5 {[%clk 00:03:02]} {[%emt 00:00:04]} 2. Nc3 {[%clk
00:03:03]} {[%emt 00:00:01]} Nc6 {[%clk 00:03:00]} {[%emt 00:00:05]} 3. g3
{[%clk 00:03:03]} g6 {[%clk 00:03:00]} {[%emt 00:00:03]} 4. Bg2 {[%clk
00:03:04]} Bg7 {[%clk 00:03:02]} {[%emt 00:00:01]} 5. f4 {[%clk 00:03:04]}
{[%emt 00:00:04]} d6 {[%clk 00:03:01]} 6. Nf3 {[%clk 00:03:05]} {[%emt
00:00:01]} e5 {[%clk 00:02:59]} {[%emt 00:00:05]} 7. d3 {[%clk 00:03:05]}
{[%emt 00:00:04]} Nge7 {[%clk 00:02:59]} {[%emt 00:00:01]} 8. O-O {[%clk
00:03:04]} {[%emt 00:00:04]} O-O {[%clk 00:02:55]} {[%emt 00:00:05]} 9. h3
{[%clk 00:03:04]} {[%emt 00:00:01]} f5 {[%clk 00:02:51]} {[%emt 00:00:08]} 10.
Be3 {[%clk 00:03:00]} {[%emt 00:00:05]} Nd4 {[%clk 00:02:47]} {[%emt 00:00:06]}
11. Qd2 {[%clk 00:02:50]} {[%emt 00:00:13]} Be6 {[%clk 00:02:46]} {[%emt
00:00:02]} 12. Ng5 {[%clk 00:02:47]} {[%emt 00:00:08]} Qd7 {[%clk 00:02:24]}
{[%emt 00:00:23]} 13. Nxe6 {[%clk 00:02:37]} {[%emt 00:00:11]} Nxe6 {[%clk
00:02:18]} {[%emt 00:00:09]} 14. Rae1 {[%clk 00:02:12]} {[%emt 00:00:27]} exf4
{[%clk 00:02:18]} {[%emt 00:00:01]} 15. gxf4 {[%clk 00:02:11]} {[%emt
00:00:04]} Rab8 {[%clk 00:02:05]} {[%emt 00:00:15]} 16. Nd1 {[%clk 00:01:59]}
{[%emt 00:00:13]} b5 {[%clk 00:01:57]} {[%emt 00:00:11]} 17. c3 {[%clk
00:01:59]} {[%emt 00:00:03]} d5 {[%clk 00:01:47]} {[%emt 00:00:11]} 18. exd5
Nxd5 {[%clk 00:01:46]} 19. Kh1 {[%clk 00:01:29]} {[%emt 00:00:18]} b4 {[%clk
00:01:39]} {[%emt 00:00:09]} 20. Bg1 {[%clk 00:01:25]} {[%emt 00:00:06]} bxc3
{[%clk 00:01:37]} {[%emt 00:00:04]} 21. bxc3 {[%clk 00:01:25]} {[%emt
00:00:04]} Bh6 {[%clk 00:01:31]} {[%emt 00:00:06]} 22. Bh2 {[%clk 00:01:08]}
{[%emt 00:00:18]} Rfe8 {[%clk 00:01:17]} {[%emt 00:00:18]} 23. d4 {[%clk
00:01:04]} {[%emt 00:00:06]} cxd4 {[%clk 00:01:10]} {[%emt 00:00:08]} 24. cxd4
{[%clk 00:01:04]} {[%emt 00:00:04]} Nexf4 {[%clk 00:00:56]} {[%emt 00:00:14]}
25. Rxe8+ {[%clk 00:00:57]} {[%emt 00:00:09]} Rxe8 {[%clk 00:00:57]} 26. Bxf4
{[%clk 00:00:55]} {[%emt 00:00:04]} Bxf4 {[%clk 00:00:50]} {[%emt 00:00:10]} 27.
Rxf4 {[%clk 00:00:50]} {[%emt 00:00:06]} Nxf4 {[%clk 00:00:51]} {[%emt
00:00:03]} 28. Qxf4 {[%clk 00:00:37]} {[%emt 00:00:14]} Re1+ {[%clk 00:00:52]}
29. Kh2 {[%clk 00:00:37]} {[%emt 00:00:01]} Rxd1 {[%clk 00:00:52]} {[%emt
00:00:03]} 30. Qb8+ {[%clk 00:00:36]} {[%emt 00:00:02]} Kf7 {[%clk 00:00:44]}
{[%emt 00:00:11]} 31. Qb3+ {[%clk 00:00:35]} {[%emt 00:00:04]} Qe6 {[%clk
00:00:41]} {[%emt 00:00:05]} 32. Bd5 {[%clk 00:00:30]} {[%emt 00:00:06]} Rd2+
{[%clk 00:00:39]} {[%emt 00:00:04]} 33. Kg1 {[%clk 00:00:31]} {[%emt 00:00:02]}
Rd1+ {[%clk 00:00:40]} 34. Kf2 {[%clk 00:00:32]} {[%emt 00:00:03]} Rd2+ {[%clk
00:00:41]} 35. Kf3 {[%clk 00:00:31]} {[%emt 00:00:05]} Rd3+ {[%clk 00:00:42]}
36. Kf4 {[%clk 00:00:16]} {[%emt 00:00:16]} Rxb3 {[%clk 00:00:34]} {[%emt
00:00:10]} 37. Bxb3 {[%clk 00:00:12]} {[%emt 00:00:06]} Qxb3 {[%clk 00:00:35]}
{[%emt 00:00:01]} 38. axb3 {[%clk 00:00:13]} Ke6 {[%clk 00:00:36]} {[%emt
00:00:03]} 0-1

[Event "Turniej Blitza na II Lidze Juniorów 2018"]
[Site "Szczyrk, Poland"]
[Date "2018.07.26"]
[Round "5.6"]
[White "Janocha, Wieslaw"]
[Black "Ziemniak, Piotr"]
[Result "1-0"]
[TimeControl "3'+2\""]
[WhiteTitle "FM"]
[WhiteElo "2197"]
[BlackElo "1737"]

1. e4 {[%clk 00:03:01]} {[%emt 00:00:02]} c5 {[%clk 00:03:03]} {[%emt
00:00:02]} 2. Nf3 {[%clk 00:03:01]} {[%emt 00:00:02]} d6 {[%clk 00:03:04]}
{[%emt 00:00:01]} 3. d4 {[%clk 00:02:58]} {[%emt 00:00:04]} cxd4 {[%clk
00:03:05]} {[%emt 00:00:01]} 4. Nxd4 {[%clk 00:02:58]} {[%emt 00:00:03]} Nf6
{[%clk 00:03:07]} 5. Nc3 {[%clk 00:02:57]} {[%emt 00:00:03]} a6 {[%clk
00:03:06]} {[%emt 00:00:03]} 6. Bg5 {[%clk 00:02:57]} {[%emt 00:00:02]} e6
{[%clk 00:03:07]} {[%emt 00:00:01]} 7. f4 {[%clk 00:02:58]} {[%emt 00:00:01]}
b5 {[%clk 00:03:03]} {[%emt 00:00:06]} 8. e5 {[%clk 00:02:55]} {[%emt
00:00:04]} dxe5 {[%clk 00:03:03]} {[%emt 00:00:03]} 9. fxe5 {[%clk 00:02:55]}
{[%emt 00:00:02]} Qc7 {[%clk 00:03:04]} 10. Qe2 {[%clk 00:02:54]} {[%emt
00:00:03]} Nfd7 {[%clk 00:03:00]} {[%emt 00:00:06]} 11. O-O-O {[%clk 00:02:51]}
{[%emt 00:00:05]} Bb7 {[%clk 00:02:45]} {[%emt 00:00:18]} 12. Qg4 {[%clk
00:02:27]} {[%emt 00:00:26]} Qb6 {[%clk 00:01:40]} {[%emt 00:01:07]} 13. Be2
{[%clk 00:01:53]} {[%emt 00:00:36]} Nc6 {[%clk 00:01:32]} {[%emt 00:00:10]} 14.
Nxe6 {[%clk 00:01:52]} {[%emt 00:00:03]} Ncxe5 {[%clk 00:01:20]} {[%emt
00:00:14]} 15. Nxg7+ {[%clk 00:01:29]} {[%emt 00:00:24]} Bxg7 {[%clk 00:01:17]}
{[%emt 00:00:06]} 16. Qg3 {[%clk 00:01:30]} {[%emt 00:00:01]} Qe6 {[%clk
00:00:49]} {[%emt 00:00:30]} 17. Rhe1 {[%clk 00:01:24]} {[%emt 00:00:08]} O-O
{[%clk 00:00:46]} {[%emt 00:00:05]} 18. Kb1 {[%clk 00:01:08]} {[%emt 00:00:19]}
Rac8 {[%clk 00:00:45]} {[%emt 00:00:02]} 19. Bd3 {[%clk 00:00:57]} {[%emt
00:00:13]} b4 {[%clk 00:00:35]} {[%emt 00:00:12]} 20. Ne4 {[%clk 00:00:57]}
{[%emt 00:00:02]} Bxe4 {[%clk 00:00:21]} {[%emt 00:00:17]} 21. Bxe4 {[%clk
00:00:52]} {[%emt 00:00:06]} Nc5 {[%clk 00:00:20]} {[%emt 00:00:03]} 22. Bd5
{[%clk 00:00:34]} {[%emt 00:00:20]} Qg6 {[%clk 00:00:13]} {[%emt 00:00:09]} 23.
Rxe5 {[%clk 00:00:28]} {[%emt 00:00:08]} Bxe5 {[%clk 00:00:00]} {[%emt
00:00:15]} 1-0

[Event "Turniej Blitza na II Lidze Juniorów 2018"]
[Site "Szczyrk, Poland"]
[Date "2018.07.26"]
[Round "5.28"]
[White "Meers, Hubert"]
[Black "Obrochta, Lena"]
[Result "1-0"]
[TimeControl "3'+2\""]
[WhiteElo "1549"]
[BlackElo "1219"]

1. e4 {[%clk 00:03:04]} e5 {[%clk 00:03:03]} {[%emt 00:00:01]} 2. Nf3 {[%clk
00:03:04]} {[%emt 00:00:02]} d6 {[%clk 00:03:03]} {[%emt 00:00:02]} 3. d4
{[%clk 00:03:04]} {[%emt 00:00:02]} exd4 {[%clk 00:03:04]} {[%emt 00:00:01]} 4.
Nxd4 {[%clk 00:03:05]} {[%emt 00:00:02]} Nf6 {[%clk 00:03:04]} {[%emt
00:00:01]} 5. Nc3 {[%clk 00:03:05]} Be7 {[%clk 00:03:05]} {[%emt 00:00:01]} 6.
Be2 {[%clk 00:03:04]} {[%emt 00:00:03]} O-O {[%clk 00:03:05]} {[%emt 00:00:02]}
7. O-O {[%clk 00:03:04]} {[%emt 00:00:02]} c6 {[%clk 00:03:04]} {[%emt
00:00:03]} 8. Be3 {[%clk 00:03:03]} {[%emt 00:00:03]} b5 {[%clk 00:03:02]}
{[%emt 00:00:04]} 9. a3 {[%clk 00:02:59]} {[%emt 00:00:07]} a6 {[%clk
00:03:02]} {[%emt 00:00:02]} 10. f4 {[%clk 00:02:58]} {[%emt 00:00:03]} c5
{[%clk 00:03:02]} {[%emt 00:00:01]} 11. Nf3 {[%clk 00:02:51]} {[%emt 00:00:09]}
Bb7 {[%clk 00:03:00]} {[%emt 00:00:04]} 12. e5 {[%clk 00:02:48]} {[%emt
00:00:06]} Ng4 {[%clk 00:02:41]} {[%emt 00:00:21]} 13. Qd2 {[%clk 00:02:40]}
{[%emt 00:00:10]} Nxe3 {[%clk 00:02:40]} {[%emt 00:00:03]} 14. Qxe3 {[%clk
00:02:40]} d5 {[%clk 00:02:33]} {[%emt 00:00:09]} 15. Rad1 {[%clk 00:02:09]}
{[%emt 00:00:33]} d4 {[%clk 00:02:18]} {[%emt 00:00:18]} 16. Qf2 {[%clk
00:02:10]} Qc7 {[%clk 00:02:14]} {[%emt 00:00:06]} 17. Nb1 {[%clk 00:02:05]}
{[%emt 00:00:07]} Be4 {[%clk 00:02:10]} {[%emt 00:00:05]} 18. Bd3 {[%clk
00:02:02]} {[%emt 00:00:05]} Bxd3 {[%clk 00:02:06]} {[%emt 00:00:06]} 19. cxd3
{[%clk 00:02:02]} {[%emt 00:00:03]} Nc6 {[%clk 00:02:06]} {[%emt 00:00:01]} 20.
Nbd2 {[%clk 00:02:03]} {[%emt 00:00:02]} f6 {[%clk 00:01:52]} {[%emt 00:00:17]}
21. exf6 {[%clk 00:02:01]} {[%emt 00:00:04]} Bxf6 {[%clk 00:01:52]} {[%emt
00:00:01]} 22. Ne4 {[%clk 00:02:01]} {[%emt 00:00:02]} Be7 {[%clk 00:01:38]}
{[%emt 00:00:16]} 23. Rc1 {[%clk 00:01:51]} {[%emt 00:00:11]} Na5 {[%clk
00:01:22]} {[%emt 00:00:18]} 24. Nfg5 {[%clk 00:01:41]} {[%emt 00:00:13]} Bxg5
{[%clk 00:01:15]} {[%emt 00:00:09]} 25. Nxg5 {[%clk 00:01:33]} {[%emt
00:00:10]} Qb6 {[%clk 00:01:03]} {[%emt 00:00:13]} 26. Rfe1 {[%clk 00:01:30]}
{[%emt 00:00:05]} Rae8 {[%clk 00:01:01]} {[%emt 00:00:05]} 27. Ne4 {[%clk
00:01:19]} {[%emt 00:00:13]} c4 {[%clk 00:01:01]} {[%emt 00:00:02]} 28. Rcd1
{[%clk 00:01:10]} {[%emt 00:00:11]} Nb3 {[%clk 00:00:58]} {[%emt 00:00:05]} 29.
Qf1 {[%clk 00:00:57]} {[%emt 00:00:14]} Rc8 {[%clk 00:00:50]} {[%emt 00:00:10]}
30. dxc4 {[%clk 00:00:44]} {[%emt 00:00:16]} bxc4 {[%clk 00:00:50]} {[%emt
00:00:01]} 31. Qf2 {[%clk 00:00:45]} {[%emt 00:00:02]} Rcd8 {[%clk 00:00:43]}
{[%emt 00:00:09]} 32. Ng5 {[%clk 00:00:41]} {[%emt 00:00:06]} Rde8 {[%clk
00:00:30]} {[%emt 00:00:15]} 33. Rxe8 {[%clk 00:00:32]} {[%emt 00:00:11]} Rxe8
{[%clk 00:00:31]} {[%emt 00:00:01]} 34. Qf3 {[%clk 00:00:31]} {[%emt 00:00:02]}
d3+ {[%clk 00:00:30]} {[%emt 00:00:03]} 35. Kh1 {[%clk 00:00:33]} {[%emt
00:00:01]} h6 {[%clk 00:00:27]} {[%emt 00:00:06]} 36. Qd5+ {[%clk 00:00:30]}
{[%emt 00:00:04]} Kh8 {[%clk 00:00:23]} {[%emt 00:00:05]} 37. Nf7+ {[%clk
00:00:24]} {[%emt 00:00:09]} Kh7 {[%clk 00:00:22]} {[%emt 00:00:02]} 38. Qxc4
{[%clk 00:00:21]} {[%emt 00:00:05]} Nc5 {[%clk 00:00:11]} {[%emt 00:00:13]} 39.
Ne5 {[%clk 00:00:15]} {[%emt 00:00:08]} Rd8 {[%clk 00:00:07]} {[%emt 00:00:06]}
40. Rd2 {[%clk 00:00:09]} {[%emt 00:00:08]} a5 {[%clk 00:00:07]} {[%emt
00:00:03]} 41. b4 {[%clk 00:00:03]} {[%emt 00:00:08]} axb4 {[%clk 00:00:07]}
{[%emt 00:00:01]} 42. axb4 {[%clk 00:00:05]} Ne6 {[%clk 00:00:07]} {[%emt
00:00:02]} 43. Qe4+ {[%clk 00:00:06]} {[%emt 00:00:02]} Kh8 {[%clk 00:00:06]}
{[%emt 00:00:02]} 44. Nf7+ {[%clk 00:00:05]} {[%emt 00:00:02]} Kg8 {[%clk
00:00:07]} {[%emt 00:00:02]} 45. Nxd8 {[%clk 00:00:06]} {[%emt 00:00:01]} Nxd8
{[%clk 00:00:08]} {[%emt 00:00:01]} 46. Qd5+ {[%clk 00:00:07]} {[%emt
00:00:01]} Kh8 {[%clk 00:00:08]} {[%emt 00:00:02]} 47. Rxd3 {[%clk 00:00:06]}
{[%emt 00:00:03]} Ne6 {[%clk 00:00:08]} {[%emt 00:00:01]} 48. h3 {[%clk
00:00:07]} {[%emt 00:00:01]} Nxf4 {[%clk 00:00:08]} {[%emt 00:00:02]} 49. Qd8+
{[%clk 00:00:08]} {[%emt 00:00:01]} Kh7 {[%clk 00:00:09]} {[%emt 00:00:01]} 50.
Qxb6 {[%clk 00:00:08]} {[%emt 00:00:02]} Nxd3 {[%clk 00:00:09]} {[%emt
00:00:02]} 51. Qd6 {[%clk 00:00:09]} {[%emt 00:00:02]} Nf2+ {[%clk 00:00:08]}
{[%emt 00:00:03]} 52. Kg1 {[%clk 00:00:10]} {[%emt 00:00:01]} Ne4 {[%clk
00:00:08]} {[%emt 00:00:02]} 53. Qd3 {[%clk 00:00:11]} Kh8 {[%clk 00:00:07]}
{[%emt 00:00:02]} 54. Qxe4 {[%clk 00:00:12]} {[%emt 00:00:01]} Kg8 {[%clk
00:00:08]} {[%emt 00:00:02]} 55. b5 {[%clk 00:00:14]} Kf8 {[%clk 00:00:08]}
{[%emt 00:00:02]} 56. b6 {[%clk 00:00:15]} {[%emt 00:00:01]} Kg8 {[%clk
00:00:09]} 57. b7 {[%clk 00:00:15]} {[%emt 00:00:01]} Kf8 {[%clk 00:00:10]} 58.
b8=Q+ {[%clk 00:00:16]} Kf7 {[%clk 00:00:11]} {[%emt 00:00:01]} 59. Qc7+ {[%clk
00:00:17]} {[%emt 00:00:01]} Kg8 {[%clk 00:00:12]} {[%emt 00:00:02]} 60. Qee7
{[%clk 00:00:17]} {[%emt 00:00:01]} Kh8 {[%clk 00:00:13]} {[%emt 00:00:02]} 61.
Qxg7# {[%clk 00:00:18]} {[%emt 00:00:01]} 1-0